K optimalizaci struktury skladové sítě
Optimalizácia štruktúry jednostupňovej skladovej siete. Ciel optimalizácie. Prevádzkové a dopravné náklady. Matematický model. Postup riešenia. Možné rozšírenie nákladového modelu.
Guardado en:
| Autor principal: | |
|---|---|
| Formato: | Capítulo de libro |
| Lenguaje: | checo |
| Materias: | |
| Etiquetas: |
Sin Etiquetas, Sea el primero en etiquetar este registro!
|
MARC
| LEADER | 00000naa a2200000 4500 | ||
|---|---|---|---|
| 001 | r045317 | ||
| 005 | 20231003123517.6 | ||
| 041 | 0 | |a cze | |
| 044 | |a CZ | ||
| 245 | 1 | 0 | |a K optimalizaci struktury skladové sítě |c Jiří Kubát |
| 520 | |a Optimalizácia štruktúry jednostupňovej skladovej siete. Ciel optimalizácie. Prevádzkové a dopravné náklady. Matematický model. Postup riešenia. Možné rozšírenie nákladového modelu. | ||
| 610 | 2 | 0 | |a skladovanie |
| 610 | 2 | 0 | |a sklady |
| 610 | 2 | 0 | |a optimalizácia |
| 610 | 2 | 0 | |a náklady prevádzkové |
| 610 | 2 | 0 | |a náklady dopravné |
| 610 | 2 | 0 | |a modely |
| 610 | 2 | 0 | |a modely matematické |
| 100 | 1 | |a Kubát, Jiří | |